Gaming Quiz

Random Gaming or Clickable Quiz
Score 0/25 Timer 04:00
0 Plays Today
% Correct
Monopoly
89.8%
Dungeons & Dragons
84.8%
Clue(do)
81.5%
Trivial Pursuit
78.5%
Risk
78%
Yahtzee
76.9%
Twister
71.5%
Stratego
70.4%
Sorry!
67.8%
Scrabble Crossword Game
66.3%
Magic: The Gathering
63.7%
Civilization
62.5%
Othello
61.4%
% Correct
Apples to Apples
60.6%
Axis & Allies
55.8%
The Settlers of Catan
51.9%
Taboo
42.9%
Diplomacy
40.3%
Mille Bornes
25.6%
Acquire
23.7%
Blockhead!
19%
Bridgette
18.7%
Pente
17.4%
Tribond
15.3%
Twixt
13.2%

You're not logged in!

Compare scores with friends on all Sporcle quizzes.
OR
Log In

Sporcle TV

Today on Sporcle TV


Watch our educational content, quiz creation guides, and fun videos on Sporcle TV.

Show Comments

Extras

Top Quizzes Today


Score Distribution

Paid Content

Your Account Isn't Verified!

In order to create a playlist on Sporcle, you need to verify the email address you used during registration. Go to your Sporcle Settings to finish the process.

Report this User

Report this user for behavior that violates our Community Guidelines.

Details: